000 00505nam a2200121Ia 4500
008 160712s9999 xx 000 0 und d
100 _aDiaz, Glenn.
245 _cGlenn Diaz
_aFrom Allies to "It's Complicated": Toward an Ambivalent and Discursive Confrontation of America in Three Filipino Short Stories
260 _c2013
_bLikhaan: The Journal of Contemporary Philippine Literature
300 _avol. 7
650 _xCRITICISM
856 _uhttp://journals.upd.edu.ph/index.php/lik/issue/view/537/showToc
999 _c297266
_d297266